italian verbs - Statistics

General Stats
  • This quiz has been taken 248 times
    146 since last reset
  • The average score is 38 of 70
Answer Stats
english italian % Correct
to study studiare
92%
to be essere
90%
to buy comprare
83%
to pay pagare
83%
to speak parlare
83%
to write scrivere
83%
to live vivere / abitare
83%
to go andare
81%
to eat mangiare
81%
to know sapere
81%
to sleep dormire
79%
to dance ballare
77%
to have avere
75%
to cook cucinare
73%
to listen ascoltare
71%
to enter entrare
71%
to finish finire
71%
to watch guardare
71%
to wash lavare
71%
to drink bere
69%
to sing cantare
69%
to understand capire
69%
to make/do fare
69%
to feel sentire
69%
to believe credere
67%
to want volere
67%
to smoke fumare
63%
to give dare
60%
to lose perdere
60%
to stay stare
60%
to walk camminare
58%
to drive guidare
58%
to decide decidere
56%
to have to / must dovere
56%
to be able to /can potere
56%
to remember ricordare
56%
to see vedere
54%
to arrive arrivare
52%
to decorate decorare
52%
to leave partire
52%
to cry piangere
52%
to take prendere
48%
to try/ try on provare
48%
to call chiamare
46%
to swim nuotare
46%
to jump saltare
46%
to sell vendere
46%
to love amare
44%
to learn imparare
44%
to teach insegnare
44%
to think pensare
44%
to steal rubare
44%
to promise promettere
40%
to break rompere
40%
to note/notice notare
38%
to turn on accendere
35%
to draw disegnare
35%
to sit sedersi
35%
to search cercare
33%
to laugh ridere
33%
to hide/conceal nascondere
25%
to become diventare
23%
to wake up svegliarsi
21%
to get bored annoiarsi
19%
to hope sperare
19%
to get dressed vestirsi
19%
to escape fuggire
17%
to come venire
17%
to wish desiderare
15%
to taste assagiare
10%
No matching quizzes found
Score Distribution
Percent of People with Each Score
Percentile by Number Answered
Your Score History
You have not taken this quiz since the last reset